000 00469nam a22001577a 4500
999 _c41306
_d41306
003 OSt
005 20210428100750.0
008 210428b ||||| |||| 00| 0 eng d
040 _coclc
082 _a894.8123
_bMOH/B
100 _98255
_aMohammad, N P Hafiz
245 _aBahumanyanaya Padusha/
_cN P Hafiz Muhammed
260 _aCalicut:
_bPratheeksha Books,
_c2010.
300 _a78 pages
942 _2ddc
_cBK
_h894.8123
_iMOH/B
_k894.8123
_mMOH/B